[Event "Fagernes Autumn op"]
[Site "Fagernes"]
[Date "2023.10.09"]
[Round "2"]
[White "Wallace, John Paul"]
[Black "Sasikiran, Krishnan"]
[Result "0-1"]
[WhiteElo "2365"]
[BlackElo "2595"]
[PlyCount "144"]
[EventDate "2023.10.08"]
[EventType "swiss"]
[EventRounds "9"]
[EventCountry "NOR"]
[SourceTitle "Mega2024 Update 01"]
[Source "Chessbase"]
[SourceDate "2023.11.12"]
[SourceVersion "1"]
[SourceVersionDate "2023.11.12"]
[SourceQuality "1"]

1. Nf3 c5 2. e4 d6 3. d4 cxd4 4. Nxd4 Nf6 5. Nc3 a6 6. Bg5 Nbd7 7. Qe2 h6 8. Bh4 g6 9. f4 e5 10. fxe5 dxe5 11. 0-0-0 Qc7 12. Nb3 Bg7 13. Qc4 Qxc4 14. Bxc4 b5 15. Bd5 Ra7 16. Bc6 0-0 17. Rhf1 g5 18. Bf2 Rc7 19. Na5 Nb8 20. Ba8 Bg4 21. Rde1 Nbd7 22. Nd5 Nxd5 23. Bxd5 Nf6 24. Bb3 Rb8 25. Bg3 Nh5 26. Kb1 Nf4 27. h3 Bh5 28. Bxf4 exf4 29. a3 b4 30. a4 Rbc8 31. Rf2 Bf8 32. Rd2 Kg7 33. Bd5 Bc5 34. Nc4 Re7 35. Ka2 Bg6 36. Kb3 h5 37. Rdd1 Kh6 38. Re2 g4 39. h4 Rd8 40. Rd3 Rde8 41. Bc6 Rc8 42. Bd5 f6 43. Re1 Rce8 44. Rf1 Rxe4 45. Bxe4 Rxe4 46. Nd2 Re2 47. Rd7 Bf5 48. Rd8 f3 49. Nxf3 gxf3 50. Rxf3 Bxc2+ 51. Kc4 Be7 52. Re8 Bg6 53. Rxe7 Rxe7 54. Rxf6 a5 55. Rf4 Re2 56. b3 Rxg2 57. Kb5 Rg4 58. Rf2 Rxh4 59. Kxa5 Rg4 60. Kb5 h4 61. a5 Bd3+ 62. Kc5 Kg5 63. Rd2 Bf1 64. Rd5+ Kf4 65. Rd6 Kg3 66. a6 Bxa6 67. Rxa6 h3 68. Rd6 h2 69. Rd1 Kg2 70. Rd2+ Kh3 71. Rd1 Rg1 72. Rd8 Rg5+ 0-1

[Event "Aimchess Play In op"]
[Site "Chess.com INT"]
[Date "2023.06.12"]
[Round "1"]
[White "Nguyen, Ngoc Truong Son"]
[Black "Sasikiran, Krishnan"]
[Result "1-0"]
[WhiteElo "2645"]
[BlackElo "2604"]
[PlyCount "63"]
[EventDate "2023.06.12"]
[EventType "swiss (rapid)"]
[EventRounds "9"]
[EventCountry "USA"]
[SourceTitle "CBM 214 Extra"]
[Source "ChessBase"]
[SourceDate "2023.07.31"]
[SourceVersion "1"]
[SourceVersionDate "2023.07.31"]
[SourceQuality "1"]

1. d4 Nf6 2. Nf3 g6 3. Nc3 d5 4. Bf4 Bg7 5. Nb5 Na6 6. e3 0-0 7. h3 c6 8. Na3 c5 9. c3 Nc7 10. Be2 b6 11. 0-0 Bb7 12. Rc1 Ne6 13. Be5 Rc8 14. Nb1 Ne4 15. Nbd2 Bh6 16. Nxe4 dxe4 17. Nd2 Qd7 18. Qb3 cxd4 19. cxd4 Bd5 20. Qb4 f6 21. Bh2 f5 22. Bb5 Qb7 23. Qa4 Rxc1 24. Rxc1 f4 25. Nf1 a5 26. Bc6 Bxc6 27. Qxc6 Qxc6 28. Rxc6 Kf7 29. d5 Nc5 30. Bxf4 Bxf4 31. exf4 Nd3 32. Rxb6 1-0

[Event "ChessKid Cup Div 3 L"]
[Site "Chess.com INT"]
[Date "2023.05.22"]
[Round "1.1"]
[White "Sasikiran, Krishnan"]
[Black "Terry, Renato"]
[Result "1/2-1/2"]
[WhiteElo "2604"]
[BlackElo "2520"]
[PlyCount "122"]
[EventDate "2023.05.22"]
[EventType "k.o. (rapid)"]
[EventRounds "8"]
[EventCountry "USA"]
[SourceTitle "CBM 214 Extra"]
[Source "ChessBase"]
[SourceDate "2023.07.31"]
[SourceVersion "1"]
[SourceVersionDate "2023.07.31"]
[SourceQuality "1"]

1. d4 e6 2. e4 d5 3. Nc3 Nf6 4. e5 Nfd7 5. f4 c5 6. Nf3 Nc6 7. Be3 Be7 8. Qd2 0-0 9. Bd3 f6 10. exf6 Bxf6 11. Bb5 cxd4 12. Nxd4 Bxd4 13. Bxd4 a6 14. Ba4 Nxd4 15. Qxd4 Qf6 16. Qxf6 Rxf6 17. g3 b5 18. Bb3 Bb7 19. 0-0-0 Nc5 20. Ne2 Re8 21. Rhe1 Rh6 22. h4 Rg6 23. c3 Nxb3+ 24. axb3 e5 25. fxe5 Rge6 26. Nd4 Rxe5 27. Rxe5 Rxe5 28. Kd2 Bc8 29. Re1 Rxe1 30. Kxe1 Kf7 31. Kf2 Kf6 32. Ke3 Bd7 33. b4 Ke5 34. Nb3 Kf5 35. Nc5 Bc8 36. Kf3 h5 37. Nb3 Ke5 38. Nd4 Bd7 39. Ke3 Bc8 40. Ne2 Kf5 41. Nf4 Kg4 42. Kf2 Bb7 43. Ne6 g6 44. Nc5 Bc8 45. Nd3 Kf5 46. Nc5 Kg4 47. Nb3 Kf5 48. Nd2 Kg4 49. Nf1 Kf5 50. Kf3 Bb7 51. Ke3 Kg4 52. Kf2 Kf5 53. Nd2 Kg4 54. Nf3 Kf5 55. Nd4+ Ke4 56. Ke2 Bc8 57. Kd2 Bd7 58. Ke2 Bg4+ 59. Kd2 Bd7 60. Ke2 Bg4+ 61. Kd2 Bd7 1/2-1/2

[Event "ChessKid Cup Play In"]
[Site "Chess.com INT"]
[Date "2023.05.01"]
[Round "8"]
[White "Ghosh, Diptayan"]
[Black "Sasikiran, Krishnan"]
[Result "0-1"]
[WhiteElo "2565"]
[BlackElo "2604"]
[PlyCount "94"]
[EventDate "2023.05.01"]
[EventType "swiss (blitz)"]
[EventRounds "9"]
[EventCountry "USA"]
[SourceTitle "CBM 214 Extra"]
[Source "ChessBase"]
[SourceDate "2023.07.31"]
[SourceVersion "1"]
[SourceVersionDate "2023.07.31"]
[SourceQuality "1"]

1. Nf3 d6 2. d4 Nf6 3. c4 g6 4. g3 Bg7 5. Bg2 0-0 6. 0-0 Nbd7 7. Nc3 e5 8. e4 Re8 9. h3 b6 10. d5 Nc5 11. Qc2 a5 12. Be3 Nh5 13. Qd1 Bd7 14. Ne1 Rf8 15. Kh2 Qe8 16. Bf3 Nf6 17. b3 Kh8 18. a3 Ng8 19. b4 axb4 20. axb4 Rxa1 21. Qxa1 Nb3 22. Qa7 Qb8 23. Qxb8 Rxb8 24. Nd3 Bh6 25. Rb1 Nd2 26. Bxd2 Bxd2 27. Nb5 Bxb5 28. cxb5 Ra8 29. Rb2 Bc3 30. Rc2 Ra3 31. Nc1 Bxb4 32. Kg2 Bc5 33. Ra2 Rc3 34. Ne2 Rc4 35. Ra7 Nf6 36. Rxc7 Kg7 37. h4 h5 38. Ng1 Rc2 39. Nh3 Ng4 40. Kf1 Nh2+ 41. Kg2 Ng4 42. Kf1 Rb2 43. Ng5 Rxf2+ 44. Ke1 Bb4+ 45. Kd1 Ne3+ 46. Kc1 Ba3+ 47. Kb1 Rb2+ 0-1

[Event "ChessKid Play In m"]
[Site "Chess.com INT"]
[Date "2023.05.01"]
[Round "1.1"]
[White "Sadhwani, Raunak"]
[Black "Sasikiran, Krishnan"]
[Result "1-0"]
[WhiteElo "2627"]
[BlackElo "2604"]
[PlyCount "105"]
[EventDate "2023.05.01"]
[EventType "k.o. (blitz)"]
[EventRounds "1"]
[EventCountry "USA"]
[SourceTitle "CBM 214 Extra"]
[Source "ChessBase"]
[SourceDate "2023.07.31"]
[SourceVersion "1"]
[SourceVersionDate "2023.07.31"]
[SourceQuality "1"]

1. c4 e5 2. Nc3 d6 3. g3 Be7 4. d4 f5 5. Bh3 Na6 6. dxe5 dxe5 7. Qxd8+ Bxd8 8. e4 fxe4 9. Nxe4 Nf6 10. Bxc8 Rxc8 11. Nc3 Nb4 12. Rb1 Nc2+ 13. Kf1 0-0 14. Nh3 h6 15. Kg2 c6 16. b4 Be7 17. c5 Rcd8 18. Rb2 Nd4 19. Rd1 Rd7 20. Re1 Ng4 21. Ng1 a5 22. a3 axb4 23. axb4 b6 24. h3 Nf6 25. Rxe5 bxc5 26. bxc5 Bd8 27. Be3 Ba5 28. Ne4 Nxe4 29. Rxe4 Bc3 30. Ra2 Nf5 31. Rc2 Ba5 32. Nf3 Rd5 33. Bf4 g5 34. Bc1 Bc7 35. Rd2 Kf7 36. Rxd5 cxd5 37. Ra4 Re8 38. h4 gxh4 39. Nxh4 Ne7 40. Bxh6 Nc6 41. Nf3 Re2 42. Ra6 Ne7 43. Ra7 Bd8 44. Nd4 Re4 45. Nc6 Kg6 46. Nxd8 Kxh6 47. Rd7 Kg6 48. Rd6+ Kg7 49. Nc6 Nxc6 50. Rxc6 Rc4 51. Rc8 d4 52. c6 d3 53. Rd8 1-0

[Event "ChessKid Cup Play In"]
[Site "Chess.com INT"]
[Date "2023.05.01"]
[Round "6"]
[White "Sasikiran, Krishnan"]
[Black "Kravtsiv, Martyn"]
[Result "0-1"]
[WhiteElo "2604"]
[BlackElo "2598"]
[PlyCount "56"]
[EventDate "2023.05.01"]
[EventType "swiss (blitz)"]
[EventRounds "9"]
[EventCountry "USA"]
[SourceTitle "CBM 214 Extra"]
[Source "ChessBase"]
[SourceDate "2023.07.31"]
[SourceVersion "1"]
[SourceVersionDate "2023.07.31"]
[SourceQuality "1"]

1. e4 e5 2. Nf3 Nc6 3. Bb5 a6 4. Ba4 Nf6 5. 0-0 Be7 6. Re1 b5 7. Bb3 0-0 8. a4 b4 9. a5 d6 10. c3 Rb8 11. d3 Be6 12. Bxe6 fxe6 13. Nbd2 Qe8 14. d4 bxc3 15. bxc3 exd4 16. cxd4 Rb5 17. Qc2 Nh5 18. Ra4 Nf4 19. g3 Ng6 20. Ba3 Bd8 21. e5 Qd7 22. Rc4 Nxa5 23. Rc3 Nb7 24. h4 Ne7 25. exd6 cxd6 26. Ng5 Nf5 27. Nxe6 Re8 28. Qa2 d5 0-1

[Event "ChessKid Cup Play In"]
[Site "Chess.com INT"]
[Date "2023.05.01"]
[Round "2"]
[White "Sasikiran, Krishnan"]
[Black "Meier, Georg"]
[Result "1-0"]
[WhiteElo "2604"]
[BlackElo "2614"]
[PlyCount "59"]
[EventDate "2023.05.01"]
[EventType "swiss (blitz)"]
[EventRounds "9"]
[EventCountry "USA"]
[SourceTitle "CBM 214 Extra"]
[Source "ChessBase"]
[SourceDate "2023.07.31"]
[SourceVersion "1"]
[SourceVersionDate "2023.07.31"]
[SourceQuality "1"]

1. e4 e6 2. d4 d5 3. Nc3 dxe4 4. Nxe4 Nd7 5. Nf3 Ngf6 6. Nxf6+ Nxf6 7. Be3 Bd6 8. Bd3 0-0 9. Qe2 b6 10. 0-0-0 Bb7 11. Rhe1 Nd5 12. Kb1 Nxe3 13. fxe3 Bxf3 14. gxf3 Qh4 15. Rg1 c5 16. Rg4 Qh5 17. f4 g6 18. Rdg1 Kh8 19. c3 cxd4 20. cxd4 Rac8 21. Qg2 Rc7 22. Rg3 Rfc8 23. Rh3 Qd5 24. Rxh7+ Kg8 25. Qh3 Kf8 26. Bxg6 Bxf4 27. exf4 Qxd4 28. Qh6+ Ke8 29. Bxf7+ Rxf7 30. Qxe6+ 1-0

[Event "ChessKid Cup Play In"]
[Site "Chess.com INT"]
[Date "2023.05.01"]
[Round "3"]
[White "Sasikiran, Krishnan"]
[Black "Nguyen, Ngoc Truong Son"]
[Result "1/2-1/2"]
[WhiteElo "2604"]
[BlackElo "2645"]
[PlyCount "95"]
[EventDate "2023.05.01"]
[EventType "swiss (blitz)"]
[EventRounds "9"]
[EventCountry "USA"]
[SourceTitle "CBM 214 Extra"]
[Source "ChessBase"]
[SourceDate "2023.07.31"]
[SourceVersion "1"]
[SourceVersionDate "2023.07.31"]
[SourceQuality "1"]

1. e4 e5 2. Nf3 Nf6 3. Nxe5 d6 4. Nf3 Nxe4 5. d4 d5 6. Bd3 Bd6 7. 0-0 0-0 8. c4 c6 9. Qc2 Bf5 10. Nc3 Re8 11. Re1 Bb4 12. Bg5 f6 13. Bf4 Nd7 14. Nxe4 Bxe1 15. Nd6 Bxd3 16. Qxd3 Ba5 17. Nxe8 Qxe8 18. cxd5 cxd5 19. Qb5 Bb6 20. Qxd5+ Qf7 21. Qxb7 Re8 22. h3 g5 23. Be3 h6 24. Rc1 f5 25. Rc8 Rxc8 26. Qxc8+ Kg7 27. b3 Qd5 28. Qc4 Qe4 29. Qc8 Nf6 30. Ne5 f4 31. Qe6 Qb7 32. Qf5 Qe4 33. Qe6 Qb7 34. Bd2 Bxd4 35. Nc6 Qb6 36. Kf1 Qb5+ 37. Ke1 Qd3 38. Qe7+ Kg6 39. Nxd4 Qxd4 40. Qe6 Qa1+ 41. Ke2 Qxa2 42. h4 gxh4 43. f3 Qc2 44. Ke1 Qb1+ 45. Ke2 Qc2 46. Ke1 Qb1+ 47. Kf2 Qc2 48. Ke1 1/2-1/2

[Event "ChessKid Cup Play In"]
[Site "Chess.com INT"]
[Date "2023.05.01"]
[Round "1"]
[White "Yoo, Christopher Woojin"]
[Black "Sasikiran, Krishnan"]
[Result "1/2-1/2"]
[WhiteElo "2607"]
[BlackElo "2604"]
[PlyCount "129"]
[EventDate "2023.05.01"]
[EventType "swiss (blitz)"]
[EventRounds "9"]
[EventCountry "USA"]
[SourceTitle "CBM 214 Extra"]
[Source "ChessBase"]
[SourceDate "2023.07.31"]
[SourceVersion "1"]
[SourceVersionDate "2023.07.31"]
[SourceQuality "1"]

1. d4 Nf6 2. c4 g6 3. Nf3 Bg7 4. g3 0-0 5. Bg2 d6 6. 0-0 Nbd7 7. Nc3 e5 8. Qc2 Re8 9. Rd1 c6 10. e4 exd4 11. Nxd4 Qe7 12. Bf4 Nh5 13. Be3 a5 14. h3 Nc5 15. Nb3 f5 16. Nxc5 dxc5 17. Na4 f4 18. Bxc5 Qg5 19. h4 Qe5 20. Bd6 Qf6 21. Nb6 Bg4 22. f3 Rad8 23. fxg4 Rxd6 24. gxh5 fxg3 25. Bh3 Rd4 26. Qg2 Qxh4 27. Rf1 Rdxe4 28. Rf3 Bd4+ 29. Kf1 Bxb6 30. Qxg3 Qxg3 31. Rxg3 Kg7 32. hxg6 Rf8+ 33. Kg2 hxg6 34. Kh1 Rh8 35. Rd1 Bd4 36. Rgd3 c5 37. Rb3 Re7 38. Rdd3 Re1+ 39. Kg2 Re2+ 40. Kf3 Rxb2 41. Rxb2 Bxb2 42. Be6 Bd4 43. Rb3 Kf6 44. Bg4 Rh7 45. Rb6+ Kg5 46. Be6 Re7 47. Ke4 Kf6 48. Kd5 Kg5 49. Ke4 Rh7 50. Bc8 Rh2 51. a4 Ra2 52. Bd7 Re2+ 53. Kd5 Re5+ 54. Kd6 Re3 55. Rxb7 Rc3 56. Be6 Ra3 57. Bd7 Rf3 58. Rb8 Rf6+ 59. Kd5 Rf7 60. Be6 Ra7 61. Rg8 Kf6 62. Rf8+ Kg5 63. Rg8 Kf6 64. Rf8+ Kg5 65. Rg8 1/2-1/2

[Event "Titled Tuesday intern op 28th Mar Early"]
[Site "Chess.com INT"]
[Date "2023.03.28"]
[Round "1"]
[White "Andreev, Konstantin1111"]
[Black "Sasikiran, Krishnan"]
[Result "0-1"]
[WhiteElo "2084"]
[BlackElo "2604"]
[PlyCount "64"]
[EventDate "2023.03.28"]
[EventType "swiss (blitz)"]
[EventRounds "11"]
[EventCountry "USA"]
[SourceTitle "EXT 2024"]
[Source "ChessBase"]
[SourceDate "2023.10.10"]
[SourceVersion "1"]
[SourceVersionDate "2023.10.10"]
[SourceQuality "1"]

1. e4 c5 2. Nf3 d6 3. d4 cxd4 4. Nxd4 Nf6 5. Nc3 a6 6. h4 e5 7. Nb3 Be6 8. f4 g6 9. Be2 Nc6 10. Be3 d5 11. exd5 Nxd5 12. Nxd5 Bxd5 13. Bf3 e4 14. Be2 Bg7 15. c3 0-0 16. h5 Re8 17. Qd2 Be6 18. 0-0-0 Qc7 19. Kb1 Rad8 20. Qc2 Ne7 21. g3 Nf5 22. Bf2 e3 23. Be1 Bd5 24. Rh2 Be4 25. Bd3 Rxd3 26. Rxd3 Bf8 27. hxg6 hxg6 28. Nc1 Rd8 29. g4 Rxd3 30. Nxd3 Qc4 31. Kc1 Bxd3 32. Qg2 Qxa2 0-1

[Event "Titled Tuesday intern op 28th Mar Early"]
[Site "Chess.com INT"]
[Date "2023.03.28"]
[Round "6"]
[White "Kosteniuk, Alexandra"]
[Black "Sasikiran, Krishnan"]
[Result "0-1"]
[WhiteElo "2536"]
[BlackElo "2604"]
[PlyCount "50"]
[EventDate "2023.03.28"]
[EventType "swiss (blitz)"]
[EventRounds "11"]
[EventCountry "USA"]
[SourceTitle "EXT 2024"]
[Source "ChessBase"]
[SourceDate "2023.10.10"]
[SourceVersion "1"]
[SourceVersionDate "2023.10.10"]
[SourceQuality "1"]

1. e4 c5 2. c3 d5 3. exd5 Qxd5 4. d4 g6 5. Nf3 Bg7 6. Nbd2 cxd4 7. Bc4 Qd8 8. Nxd4 Nf6 9. 0-0 0-0 10. Re1 Qc7 11. N4f3 Nc6 12. a4 b6 13. b4 Bb7 14. Qb3 e6 15. Bb2 Rad8 16. Nf1 Nd5 17. a5 Nce7 18. axb6 axb6 19. Ne3 Nf4 20. Ra7 Qb8 21. Rea1 Nc8 22. R7a2 Bxf3 23. gxf3 Qb7 24. Bf1 Qxf3 25. Qc4 Rd2 0-1